UBT Library

Liar's poker : (Record no. 40205)

000 -LEADER
fixed length control field 00751cam a2200229 a 4500
001 - CONTROL NUMBER
control field 1981559
005 - DATE AND TIME OF LATEST TRANSACTION
control field 20180112065358.0
008 - FIXED-LENGTH DATA ELEMENTS--GENERAL INFORMATION
fixed length control field 890202s1989 nyu 001 0aeng
010 ## - LIBRARY OF CONGRESS CONTROL NUMBER
LC control number 89030819
020 ## - INTERNATIONAL STANDARD BOOK NUMBER
International Standard Book Number 0393027503 :
Terms of availability $18.95 ($22.95 Can.)
040 ## - CATALOGING SOURCE
Original cataloging agency DLC
Transcribing agency DLC
Modifying agency DLC
041 ## - LANGUAGE CODE
Language code of text/sound track or separate title eng
043 ## - GEOGRAPHIC AREA CODE
Geographic area code n-us---
080 ## - UNIVERSAL DECIMAL CLASSIFICATION NUMBER
Universal Decimal Classification number 332.620973 MIC
082 00 - DEWEY DECIMAL CLASSIFICATION NUMBER
Classification number 332.620973 MIC
Edition number 19
100 1# - Rafti
Rafti 21
101 ## - Shkurtesa
Shkurtesa POL
245 10 - TITLE STATEMENT
Title Liar's poker :
Statement of responsibility, etc Michael Lewis.
906 ## - LOCAL DATA ELEMENT F, LDF (RLIN)
a 7
b cbc
c orignew
d 1
e ocip
f 19
g y-gencatlg
942 ## - ADDED ENTRY ELEMENTS (KOHA)
Source of classification or shelving scheme
Item type Books
Holdings
Withdrawn status Lost status Source of classification or shelving scheme Damaged status Not for loan Permanent location Current location Date acquired Total Checkouts Full call number Barcode Date last seen Price effective from Koha item type
          UBT - Lipjan UBT - Lipjan 01/12/2018   332.620973 MIC 002-2995329 01/12/2018 01/12/2018 Books
UBT Library © 2015-2024. All rights reserved University Education for Business and Technology